000 00442nam a22001697a 4500
003 MPLRDC
005 20220104124715.0
008 210129b ||||| |||| 00| 0 eng d
082 _a308.9 XBSW v.5
100 _a不详
245 _a啄木鸟为什么要啄树木?
_c
260 _a
_b人民书局有限公司
_c
300 _b
490 _a新编十万个为什么. 5
650 _a儿童用科学丛书
942 _cBK
_o308.9 XBSW v.5
999 _c21499
_d21489